Evaluación del impacto ambiental del tramo de ampliación y circunvalación de carretera Tipitapa-San Benito, longitud 18.43km, municipio de Tipitapa, departamento de Managua
La presente evaluación de impacto ambiental, desarrollado para las etapas de ejecución, operación y mantenimiento del proyecto “Ampliación y circunvalación de carretera Tipitapa-San Benito”, ha sido elaborada tomando en cuenta los requisitos establecidos por las distintas entidades que rigen la...
| Main Authors: | , |
|---|---|
| Other Authors: | |
| Format: | Tesis Section = Libro |
| Language: | Undetermined Spanish |
| Published: |
Managua
UNI
2022
|
| Subjects: |
| LEADER | 01284nam a2200253Ia 4500 | ||
|---|---|---|---|
| 008 | 240830s9999 xx 000 0 und d | ||
| 040 | |a BIBLIOTECA-RUPAP/ Mon 625.7 M828 | ||
| 041 | |a spa | ||
| 082 | |a Mon 625.7 M828 | ||
| 100 | 1 | |a Morales Martínez, Fabio Sebastián | |
| 100 | 1 | |b Gutiérrez Madriz, Pedro José | |
| 245 | 1 | 0 | |a Evaluación del impacto ambiental del tramo de ampliación y circunvalación de carretera Tipitapa-San Benito, longitud 18.43km, municipio de Tipitapa, departamento de Managua |
| 260 | |a Managua |b UNI |c 2022 | ||
| 300 | |a 168 p. :il. | ||
| 500 | |a Contiene: anexos y CD. | ||
| 502 | |a Tesis (Ingeniero Civil) - UNI, 2022. | ||
| 520 | 3 | |a La presente evaluación de impacto ambiental, desarrollado para las etapas de ejecución, operación y mantenimiento del proyecto “Ampliación y circunvalación de carretera Tipitapa-San Benito”, ha sido elaborada tomando en cuenta los requisitos establecidos por las distintas entidades que rigen la preservación y conservación del medio ambiente en Nicaragua. | |
| 650 | 7 | |a CONSTRUCCION DE CARRETERAS | |
| 650 | 7 | |b EVALUACION DE IMPACTO AMBIENTAL | |
| 650 | 7 | |c PLAN DE GESTION AMBIENTAL | |
| 700 | 1 | |a Tutor: |b Maldonado Baltodano, José Angel | |
| 942 | |c BK |2 ddc | ||
| 991 | |a Tesis | ||
| 999 | |c 27704 | ||